000 00867cam a2200265 a 4500
001 000004720
005 20200929151506.0
008 740215s1976 ag 000 f spa d
040 _aDO-SdBNP
_bspa
_dDLC
_dBNPHU
041 1 7 _aspa
_hfre
_2Código de idioma MARC
082 _a843.914
_bC211e, 1976
100 1 _aCamus, Albert,
_d1913-1960
_94231
240 1 2 _aL'Exil et le royaume.
_lEspañol
245 1 3 _aEl exilio y el reino :
_brelatos /
_cAlbert Camus ; traducción de Alberto Luis Bixio.
250 _a8a ed.
260 _aBuenos Aires, Argentina :
_bLosada,
_c1976.
300 _a170 p. ;
_c18 cm.
440 0 _aLosada
_v39
_913742
534 _aTítulo original en francés:
_tL'exil et le royaume.
650 4 _aNovela francesa
_91075
650 4 _aLiteratura francesa
_91074
700 1 _aBixio, Alberto Luis,
_etr.
_94946
910 _aWM
049 _aBNGR
999 _c4526
_d4526